Prince Monologue - Into the Woods - Statistics

General Stats
  • This quiz has been taken 14 times
  • The average score is 14 of 200
Answer Stats
Answer % Correct
I
100%
a
50%
A
50%
a
50%
a
50%
a
50%
a
50%
a
50%
am
50%
I
50%
I
50%
I
50%
I
50%
I
50%
I
50%
I
50%
I
50%
I
50%
I
50%
I
50%
I
50%
I
50%
I
50%
I
50%
I
50%
I
50%
I
50%
act.
0%
admire
0%
after
0%
all.
0%
all.
0%
am
0%
am
0%
am
0%
am
0%
and
0%
and
0%
And
0%
And
0%
applaud.
0%
at
0%
at
0%
ball.
0%
But
0%
But
0%
But
0%
But
0%
call
0%
call
0%
can
0%
cannot
0%
carriage,
0%
chains
0%
chased
0%
chew
0%
choices
0%
choose,
0%
clearly
0%
comes
0%
crown,
0%
cruelty,
0%
destiny.
0%
do
0%
does
0%
door
0%
drawn.
0%
else
0%
escape.
0%
ever
0%
every
0%
Every
0%
expectation,
0%
fear,
0%
follow
0%
footsteps
0%
gilded.
0%
girl
0%
girls,
0%
gold
0%
happiness
0%
has
0%
have
0%
have
0%
have
0%
heroic.
0%
heroism
0%
hunger,
0%
if
0%
If
0%
if
0%
if
0%
in
0%
in
0%
is
0%
is
0%
is
0%
is
0%
is
0%
is
0%
It
0%
It
0%
kissed
0%
life
0%
life
0%
lines?
0%
longing,
0%
love.
0%
love.
0%
mask.
0%
mine.
0%
mine,
0%
more
0%
my
0%
my
0%
myself
0%
no
0%
not
0%
not
0%
not
0%
not
0%
nothing
0%
of
0%
of
0%
one
0%
ones
0%
open
0%
Or
0%
prince.
0%
promise
0%
quiet
0%
real.
0%
running
0%
see
0%
see
0%
see.
0%
shape
0%
someone
0%
something
0%
something
0%
spend
0%
stop
0%
story.
0%
story
0%
story.
0%
supposed
0%
than
0%
that
0%
that
0%
the
0%
the
0%
The
0%
the
0%
the
0%
the
0%
the
0%
the
0%
the
0%
the
0%
the
0%
the
0%
the
0%
the
0%
the
0%
them
0%
them,
0%
them
0%
they
0%
they
0%
thought
0%
to
0%
to
0%
to
0%
to
0%
to
0%
told
0%
told
0%
too
0%
touch
0%
up.
0%
waiting
0%
want
0%
want
0%
want
0%
ways
0%
weight
0%
what
0%
What
0%
what
0%
what
0%
whispers
0%
will
0%
will
0%
will
0%
will
0%
with
0%
women,
0%
wonder
0%
world
0%
written
0%
No matching quizzes found
Score Distribution
Percent of People with Each Score
Percentile by Number Answered
Your Score History
You have not taken this quiz